Countries that have imposed sanctions against Russia - Statistics

General Stats
  • This quiz has been taken 273 times
    202 since last reset
  • The average score is 45 of 56
Answer Stats
Country % Correct
United Kingdom
99%
United States
98%
EU Finland
96%
EU France
95%
EU Spain
95%
EU Sweden
95%
Norway
94%
EU Poland
94%
EU Lithuania
93%
EU Netherlands
93%
EU Portugal
93%
Canada
92%
EU Estonia
92%
EU Germany
92%
EU Greece
92%
EU Italy
92%
Japan
92%
EU Latvia
92%
EU Luxembourg
92%
EU Slovenia
92%
EU Belgium
91%
EU Denmark
91%
EU Ireland
91%
EU Slovakia
91%
Switzerland
91%
EU Austria
90%
EU Bulgaria
89%
EU Czech Republic
89%
EU Hungary
89%
EU Romania
89%
South Korea
89%
Australia
88%
Albania
87%
EU Croatia
86%
Andorra
85%
Iceland
85%
Liechtenstein
85%
EU Malta
85%
New Zealand
84%
North Macedonia
84%
EU Cyprus
82%
Moldova
82%
San Marino
81%
Monaco
79%
Montenegro
79%
Don't recognized as Russia Kosovo
78%
Don't recognized as Russia Taiwan
77%
Georgia
66%
Singapore
60%
Bahamas
46%
Fiji
34%
Antigua and Barbuda
32%
Grenada
27%
Saint Kitts and Nevis
27%
Saint Lucia
25%
Dominica
21%
No matching quizzes found
Score Distribution
Percent of People with Each Score
Percentile by Number Answered
Your Score History
You have not taken this quiz since the last reset